000 00526nam a22001577a 4500
003 macl
005 20190828133153.0
008 190828b xxu||||| |||| 00| 0 eng d
040 _cmacl
082 _a891.431/VED/P
100 _aवैध ,डॉ सूर्यप्रकाश
_976424
245 _aहरिऔध कृत प्रियप्रवास
260 _aदिल्‍ली
_bसुरूचि साहित्‍य
_c2016
650 _aमहाकाव्‍य
_966253
942 _2ddc
_cHIN
999 _c60858
_d60858